01621nam a2200349 a 4500001001000000003000500010005001700015008004100032010001100073011001100084040000900095090001000104100004700114245019200161260004100353500006000394502012600454502005200580590004100632590004000673590004000713650004600753650003900799650004500838856007000883901000700953942001000960942000600970999001900976952014000995952013601135000111608CHAP20220329144221.0150619s2015 mx sm |||||||spa d a108069 a109041 cCHAP aTesis1 aMauricio Pérez, Azucelli Maythe.912950910aAnálisis de la humedad de un invernadero semicerrado con cultivo de jitomate (Solanum lycopersicum) mediante modelos de simulaciónh[En línea]cpor Azucelli Maythe Mauricio Pérez. aChapingo, Méx. :bEl autor,c2015. aPara ver el contenido del material haga clic en la liga aTesis (M. en Ingeniería Agrícola y Uso Integral del Agua) -- UACH. Departamento de Ingeniería Mecánica Agrícola aUACH. Departamento Ingeniería en Irrigación aBATCH-UPDb05c20150619lUCH01h1133 aE5765TAJb05c20150619lUCH01h1132 aE5765TAJb05c20150619lUCH01h113314aHumedadxModelos de simulación.912951014aTomatexControl ambiental.912951114aTomatexCultivos en invernadero.9113704 aFinding aiduhttp://10.13.5.2/tesis/sist111608.pdfzTeclea aquí aBK cTESIS n0 c108069d108069 00102local4053708TESISaBCbBCcPA_TESISd2015-06-19fTESISl0oTesisp33724002503207r2019-12-31 00:00:00tc.2w2019-12-31yTESIS 00104054718TESISaBCbBCd2015-06-19fTESISl0oTesisp33724002503248r2019-12-31 00:00:00w2019-12-31yTESISzRecien adquirido